| 000 | 00409nam a22001457a 4500 | ||
|---|---|---|---|
| 005 | 20250315114908.0 | ||
| 008 | 250315b |||||||| |||| 00| 0 eng d | ||
| 020 | _a9780853698791 | ||
| 050 |
_aRS92 _b.P27 |
||
| 245 |
_aPharmacy in Public Health/ _cedited by Janet Krska |
||
| 260 |
_aLondon _bPhP Pharmaceutical Press _c2011 |
||
| 300 |
_axix. 284p. _bill. _c23cm |
||
| 700 | _aKrska, Janet | ||
| 942 |
_2lcc _cBK _n0 |
||
| 999 |
_c4868 _d4868 |
||